000 00867nam a2200229 i 4500
001 153879
003 ES-MaACL
005 20250922144649.0
008 190204s1964 sp |||| | spa d
100 1 _aCaire, Guy.
_9166102
245 1 3 _aLa economía yugoslava /
_cGuy Caire ; traducción de Nuria Bozzo y J. Petit Fontsere ; presentacion de J.A. González Casanova.
260 _aBarcelona :
_bNova Terra,
_c1964.
300 _a183 p. ;
_c21 cm.
490 1 _aColección "El Mundo y los hombres" ;
_v4
651 4 _aYugoslavia-
_xSituación económica-
_y1945-1989.
_9166103
700 0 _aBozzo Durán, Nuria.
_931222
700 0 _aPetit Fontserè, Jordi.
_991517
700 1 _aGonzález Casanova, J. A.,
_d1935-
_9144814
830 0 0 _aColección el mundo y los hombres
_v4
_9187821
852 _aES-MaACL
_jP-437-bis-2
999 _c153879
_d153879